Strategic Facility Management Framework (Record no. 116176)

MARC details
000 -LEADER
fixed length control field 01563cab a22002775a 4500
001 - CONTROL NUMBER
control field L160013
008 - FIXED-LENGTH DATA ELEMENTS--GENERAL INFORMATION
fixed length control field 150113e2018 xxk 000 0 eng d
020 ## - INTERNATIONAL STANDARD BOOK NUMBER
International Standard Book Number 9781783212354
035 ## - SYSTEM CONTROL NUMBER
System control number (Sirsi) u160013
041 0# - LANGUAGE CODE
Language code of text/sound track or separate title eng
050 ## - LIBRARY OF CONGRESS CALL NUMBER
Classification number 658.2 $2 18
110 2# - MAIN ENTRY--CORPORATE NAME
Corporate name or jurisdiction name as entry element Royal Institution of Chartered Surveyors
9 (RLIN) 4900
245 00 - TITLE STATEMENT
Title Strategic Facility Management Framework
Medium [electronic resource]
260 ## - PUBLICATION, DISTRIBUTION, ETC.
Place of publication, distribution, etc. London
Name of publisher, distributor, etc. RICS
Date of publication, distribution, etc. 2018
490 ## - SERIES STATEMENT
Series statement RICS Guidance Note
520 ## - SUMMARY, ETC.
Summary, etc. Result of a collaboration between RICS and IFMA, this guidance sets out a coherent, consistent approach to planning the provision of FM. It also reflects the competences required to pursue the qualification credentials required by both IFMA and RICS. It is intended to set out current good practice in the strategic planning of FM to formulate the delivery of facilities services which achieve optimum value and contribution to the organisation that FM supports. It brings together ideas and experience from a range of sources and is consistent with the existing ISO Standards for FM. Effective 19 April 2018.
650 24 - SUBJECT ADDED ENTRY--TOPICAL TERM
Topical term or geographic name entry element STRATEGIC PLANNING
650 24 - SUBJECT ADDED ENTRY--TOPICAL TERM
Topical term or geographic name entry element DEVELOPMENT AGREEMENTS
650 24 - SUBJECT ADDED ENTRY--TOPICAL TERM
Topical term or geographic name entry element IMPLEMENTATION
650 24 - SUBJECT ADDED ENTRY--TOPICAL TERM
Topical term or geographic name entry element PROJECTS
651 #4 - SUBJECT ADDED ENTRY--GEOGRAPHIC NAME
Geographic name International
690 ## - LOCAL SUBJECT ADDED ENTRY--TOPICAL TERM (OCLC, RLIN)
Topical term or geographic name as entry element Facilities management
9 (RLIN) 6240
710 1# - ADDED ENTRY--CORPORATE NAME
Corporate name or jurisdiction name as entry element International Facility Management Association
9 (RLIN) 3976
856 40 - ELECTRONIC LOCATION AND ACCESS
Uniform Resource Identifier <a href="https://www.rics.org/profession-standards/rics-standards-and-guidance/sector-standards/real-estate-standards/strategic-facilities-management-framework">https://www.rics.org/profession-standards/rics-standards-and-guidance/sector-standards/real-estate-standards/strategic-facilities-management-framework</a>
Public note Available on RICS.org
942 ## - ADDED ENTRY ELEMENTS (KOHA)
Suppress in OPAC 0
Source of classification or shelving scheme Dewey Decimal Classification
Holdings
Withdrawn status Lost status Source of classification or shelving scheme Damaged status Not for loan Home library Current library Shelving location Date acquired Total Checkouts Full call number Barcode Date last seen Copy number Price effective from Koha item type
    Dewey Decimal Classification     Virtual Virtual Online 18/04/2018   ONLINE PUBLICATION 160013-2001 23/03/2023 1 06/08/2019 Book